Statistiques concernant Stade de Ligue 1 Ligue 2 et National

Cliquez ici pour prendre le quiz!

Statistiques générales

  • Ce quiz a été pris 149 fois
  • Le résultat moyen est 42 sur 58

Statistiques - réponses

HintRéponse% Correct
Orange VelodromeOlympique de Marseille
99%
Parc des princesParis Saint Germain
99%
Allianz RiveiraOGC Nice
98%
Groupama StadiumOlympique Lyonnais
98%
Roazhon ParkStade Rennais FC
98%
Stade Bollaert DelelisRC Lens
97%
Matmut AtlantiqueBordeaux
96%
Stade de la BeaujoireFC Nantes
96%
Decathlon Arena Pierre MauroyLille Olympique Sporting Club
96%
Stade Abbé DeschampsAJ Auxerre
94%
Stade Louis 2As Monaco
94%
Stade de La MossonMontpellier HSC
94%
Stade CharlétyParis FC
93%
Stade de la MeinauRC Strasbourg
92%
StadiumToulouse FC
92%
Stade Francis le BléStade Brestois 29
91%
Stade Raymond KopaAngers SCO
90%
Stade OcéaneLe Havre
90%
Stade du MoustoirLorient
90%
Stade Saint-SymphorienMetz
90%
Stade Auguste DelauneStade de Reims
88%
Stade des AlpesGrenoble
87%
Stade de la LicorneAmiens SC
85%
Stade Gabriel MontpiedClermont foot 63
85%
Stade Michel-d'OrnanoCaen
84%
Stade Francois CotyAC Ajaccio
83%
Stade du RoudourouGuingamp
82%
Stade Geoffroy GuichardAS Saint Etienne
81%
Stade Armand-CesariBastia
78%
Stade Auguste-BonalSochaux
78%
Parc des SportsAnnecy
77%
Stade des CostièresNimes
77%
Stade de l'AubeTroyes
77%
Stade Gaston-GérardDijon
76%
Stade Marcel-PicotAS Nancy
74%
Nouste CampPau
70%
Stade Marcel-VerchèreBourg-en-Bresse
68%
Stade BauerRed Star
67%
Stade du HainautValenciennes
66%
Stade Francis Le BasserLaval
65%
Stade Paul-LignonRodez
63%
Stade Robert DiochonQuevilly
62%
Stade Marcel-TributDunkerque
56%
Stade de la SourceOrléans
51%
Stade Guy PiriouConcarneau
50%
Stade Marie-MarvingtLe Mans
48%
Stade René-GaillardNiort
48%
Stade Louis-DugauguezSedan
47%
Complexe sportif de BorgoBastia Borgo
44%
Stade Gaston-PetitChateauroux
44%
Stade Jean BouinVersailles
43%
Stade Francis-TurcanMartigues
41%
Stade René FenouillèreAvranches
36%
Stade Armand-ChouffetVillefranche-sur-Saône
33%
Stade BoutrouxParis 13 Atletico
28%
Stade Omnisports Jean BouinCholet
27%
Stade Fred AubertStade Briochin
27%
Stade Charles-MassotLe Puy Foot
22%

Distribution des résultats

Percentile par nombre de réponses

% des personnes avec chaque résultat

Votre développement - résultats

Vous n’avez pas pris ce quiz